[Event "Krefeld Easter op"]
[Site "Krefeld"]
[Date "2025.04.20"]
[Round "7"]
[White "Schicktanz, Florian"]
[Black "Zander, Vincent"]
[Result "0-1"]
[WhiteElo "1777"]
[BlackElo "1656"]
[PlyCount "58"]
[EventDate "2025.04.17"]
[EventType "swiss"]
[EventRounds "9"]
[EventCountry "GER"]
[SourceTitle "CB17_2025"]
[SourceDate "2025.04.23"]
[SourceVersion "1"]
[SourceVersionDate "2025.04.23"]
[SourceQuality "1"]

1. b3 d5 2. Bb2 Nf6 3. Nf3 e6 4. e3 Be7 5. Bb5+ c6 6. Be2 0-0 7. 0-0 Nbd7 8. c4 b6 9. Na3 Bb7 10. Nc2 c5 11. d4 Rc8 12. cxd5 Bxd5 13. Ba6 Rc7 14. Na3 Nb8 15. Bc4 cxd4 16. Nxd4 a6 17. Bxd5 Qxd5 18. Qf3 Qxf3 19. Nxf3 Rfc8 20. Nc4 b5 21. Nce5 Nbd7 22. Rac1 Nc5 23. Rfd1 Nd5 24. Nd4 f6 25. Nef3 Kf7 26. Nf5 g6 27. Nxe7 Kxe7 28. Nd4 Ne4 29. Rxc7+ Rxc7 0-1

[Event "Krefeld Easter op"]
[Site "Krefeld"]
[Date "2025.04.18"]
[Round "3"]
[White "Stammen, York Magnus"]
[Black "Zander, Vincent"]
[Result "0-1"]
[WhiteElo "1618"]
[BlackElo "1656"]
[PlyCount "60"]
[EventDate "2025.04.17"]
[EventType "swiss"]
[EventRounds "9"]
[EventCountry "GER"]
[SourceTitle "CB17_2025"]
[SourceDate "2025.04.23"]
[SourceVersion "1"]
[SourceVersionDate "2025.04.23"]
[SourceQuality "1"]

1. d4 Nf6 2. Nf3 e6 3. c4 Bb4+ 4. Bd2 Qe7 5. a3 Bxd2+ 6. Nbxd2 d6 7. e4 e5 8. d5 0-0 9. g3 Nbd7 10. b4 a5 11. Bg2 axb4 12. axb4 Rxa1 13. Qxa1 Ne8 14. Bh3 Nb6 15. Bxc8 Nxc8 16. Nh4 Qd7 17. h3 Ne7 18. f4 f6 19. f5 c6 20. Qc3 Nc7 21. Nhf3 g6 22. g4 Rc8 23. Qd3 cxd5 24. cxd5 Na6 25. b5 Rc1+ 26. Kf2 Nc5 27. Qe2 Rxh1 28. Nf1 Rxh3 29. Kg2 Rxf3 30. Kxf3 Nb3 0-1

[Event "Krefeld Easter op"]
[Site "Krefeld"]
[Date "2025.04.17"]
[Round "1"]
[White "Huesmann, Thomas"]
[Black "Zander, Vincent"]
[Result "1-0"]
[WhiteElo "2107"]
[BlackElo "1656"]
[PlyCount "77"]
[EventDate "2025.04.17"]
[EventType "swiss"]
[EventRounds "9"]
[EventCountry "GER"]
[SourceTitle "CB17_2025"]
[SourceDate "2025.04.23"]
[SourceVersion "1"]
[SourceVersionDate "2025.04.23"]
[SourceQuality "1"]

1. e4 c5 2. Nf3 Nc6 3. Bb5 e6 4. Bxc6 dxc6 5. Nc3 g6 6. d3 Bg7 7. a4 a5 8. 0-0 Ne7 9. h3 0-0 10. Be3 b6 11. Qd2 Ba6 12. Bh6 c4 13. Bxg7 Kxg7 14. d4 b5 15. Rfd1 b4 16. Ne2 Qc7 17. Ng3 c5 18. Qg5 h6 19. Qxc5 Qxc5 20. dxc5 Rfc8 21. Rd7 Kf8 22. Rad1 Rxc5 23. Rd8+ Rxd8 24. Rxd8+ Kg7 25. Rd6 Bc8 26. Nd4 e5 27. Nb5 Kf8 28. Rd8+ Kg7 29. Nf1 Ba6 30. Nd6 Rc6 31. Ne3 h5 32. c3 Kf6 33. Ne8+ Kg5 34. Rd7 Nc8 35. Nd5 bxc3 36. bxc3 f5 37. g3 fxe4 38. h4+ Kg4 39. Kg2 1-0